000 00526nam a2200229Ia 4500
003 OSt
005 20221007082150.0
006 a|||||r|||| 00| 0
007 ta
008 221006b |||||||| |||| 00| 0 eng d
024 _a27,335
037 _cTextual
040 _aFLL
_cFLL
_beng
041 _2eng
_aeng
082 _aZ52, F3
100 _aHadley
245 0 _aIntroduction to Roman law
260 _c1923
300 _a282p
_ccm.
942 _hZ52, F3
_cTEXL
_2CC
999 _c1165530
_d1165530